01227nab a2200217uuc4500001000800000005001700008008004100025035001200066035002100078040001300099041000800112100003500120245009900155520047600254650002300730650002800753700004000781700003800821700004700859773010300906115521320240202092255.0090717e20080105 spa  a1155213 a(OCoLC)820487114 ccomduadb aspa10aUrbina Duarte, Sulma4auteaut14aUna construcción histórico-epistemológica del modelo del octeto para el enlace químico3 aEn este artículo se presenta una reconstrucción histórico-epistemológica del modelo del octeto, para demostrar que el concepto de enlace químico se elaboró inicialmente como una representación icónica. El trabajo se realizó con profesores en formación avanzada, del programa de Maestría en Docencia de la Química, de la Universidad Pedagógica Nacional. Se pretendió avanzar en la problemática de la construcción de modelos científicos.  aEnlaces químicos aFormación de docentes10aGallego Badillo, Rómulo4auteaut10aPérez Miranda, Royman4auteaut10aGallego Torres, Adriana Patricia4auteaut0 tTecné, Episteme y DidaxisgNúmero 23, Enero-Junio de 2008, p. 52-66w583654x0121-38140143583